عرض عادي
عرض مارك
- Ty, Eleanor Rose,
مدخل إسم شخص
001 - رقم الضبط
- حقل الضبط: 8046
003 - معرف رقم الضبط
- حقل الضبط: OSt
005 - تاريخ ووقت أخر عملية
- حقل الضبط: 20111213133416.0
008 - عناصر بيانات ثابتة الطول
- حقل تحكم ثابت الطول: 111213|||a|||||| | ||| d
040 ## - مصدر الفهرسة
- هيئة الفهرسة الأصلية: OSt
- وكالة الكتابة: OSt
100 ## - مدخل -- أسم شخص
- إسم شخص: Ty, Eleanor Rose,
- تواريخ مرتبطة بالاسم: 1958-
670 ## - بيانات المصدر موجوده
- الاستشهاد بالمصدر: Work cat.: (OSt)0: Hays, Mary, 1759 or 60-1843. 8045, Memoirs of Emma Courtney /, [2009]
